| 000 | 00868nam a2200253Ia 4500 | ||
|---|---|---|---|
| 003 | OSt | ||
| 005 | 20220923220847.0 | ||
| 006 | a|||||r|||| 00| 0 | ||
| 007 | ta | ||
| 008 | 220922b |||||||| |||| 00| 0 hin d | ||
| 024 | _a191,499 | ||
| 037 | _cTextual | ||
| 040 |
_aARTS _cARTS _bhin |
||
| 041 |
_2hin _ahin |
||
| 082 | _aV2y7M89, 152L9 | ||
| 100 |
_aमथाई, एम ओ _9157030 |
||
| 245 | 0 | _aनेहरू केे साथ तेरह वर्ष, अनु केशवानन्द | |
| 246 | _aNeharū kee sāth terah varṣha, anu0 keshavānanda | ||
| 260 |
_aदिल्ली _b राघाकृष्ण प्रकाशन _c1979 |
||
| 300 |
_a283पृ. _ccm. |
||
| 650 | _aविश्व-इतिहास | ||
| 942 |
_hV2y7M89, 152L9 _cTEXL _2CC |
||
| 999 |
_c344206 _d344206 |
||